000 00678nam a2200217Ia 4500
003 GCL
008 140319s9999 xx 000 0 ara d
020 _a5269801977
040 _aGCL /
_cGCL
082 0 4 _a810.9
_bم ع
100 1 _aمحمد عبدالمطلب
245 1 0 _aعزالدين اسماعيل /
_cمحمد عبدالمطلب
260 _aالقاهرة :
_bالهيئة المصرية العامة للكتاب ،
_c1991
300 _a181 ص ؛
_c19 سم
490 _aنقاد الادب
_v3
650 0 4 _aالنقد
650 0 4 _aالتراجم الادبية
650 0 4 _aالتراجم
650 0 4 _aعزالدين اسماعيل
942 _2ddc
_cBK
999 _c28517
_d28517